Modelado digital BIM del sistema mecánico y estructural “as-built” del edificio de laboratorio y docencia de la Facultad de Ingeniería de la Universidad de Costa Rica para gestionar su mantenimiento
محفوظ في:
| المؤلف الرئيسي: | |
|---|---|
| مؤلفون آخرون: | |
| التنسيق: | كتاب |
| اللغة: | Spanish |
| منشور في: |
[San José], Costa Rica
2023
|
| الموضوعات: | |
| الوسوم: |
إضافة وسم
لا توجد وسوم, كن أول من يضع وسما على هذه التسجيلة!
|
MARC
| LEADER | 00000nam a2200000Ia 4500 | ||
|---|---|---|---|
| 003 | 013667 | ||
| 005 | 20230623085215.0 | ||
| 008 | 140114s2023 cr a 000 ||spa d | ||
| 040 | |c cru CEDI | ||
| 100 | |a Torres Valverde, Álvaro Andrés, 1996- |9 738 | ||
| 245 | |a Modelado digital BIM del sistema mecánico y estructural “as-built” del edificio de laboratorio y docencia de la Facultad de Ingeniería de la Universidad de Costa Rica para gestionar su mantenimiento | ||
| 260 | |a [San José], Costa Rica |c 2023 | ||
| 500 | |a Proyecto de graduación (licenciatura en ingeniería civil)--Universidad de Costa Rica. Facultad de Ingeniería. Escuela de Ingeniería Civil | ||
| 501 | |a Director de Proyecto de Graduación: Ing. Erick Mata Abdelnour PhD. | ||
| 650 | |x MODELADO DE INFORMACION DE CONSTRUCCION |x INDUSTRIA DE LA CONSTRUCCION - PROGRAMAS PARA COMPUTADORA | ||
| 700 | |9 227 |a Mata Abdelnour, Erick, 1973- |d Director del TFG | ||
| 942 | |c CEDI |h TFG 8818 |6 TFG_8818_000000000000000 | ||
| 999 | |c 15686 |d 15686 | ||
